| 000 | 00369nam a2200145Ia 4500 | ||
|---|---|---|---|
| 008 | 210210b1999 xxu||||| |||| 00| 0 eng d | ||
| 082 | _a574.5092K YALH | ||
| 100 | _aYALLAPPA REDDI (A Na). | ||
| 245 | _aHasiru hadi. | ||
| 260 |
_aSagara _bAkshara Prakashana _c1999 |
||
| 300 | _a179 | ||
| 650 | _aYallappa Reddi hasiru hadi | ||
| 690 | _aBiography | ||
| 906 | _a054847 | ||
| 999 |
_c102819 _d102819 |
||